Basic business communication

Saved in:
Bibliographic Details
Main Author: Lesikar, Raymond Vincent
Format: Book
Language:English
Published: Homewood IRWIN 1991
Edition:5. ed.
Online Access:View in OPAC
Tags: Add Tag
No Tags, Be the first to tag this record!

MARC

LEADER 00000nam a2200000 a 4500
005 20260127134228.0
008 000507e1991 xxu g eng c
020 |a 0256083274  |c [1.200.00 SK] 
035 |a vtls008462770 
035 |a SAVUKc037231 
039 9 |a 200810030934  |b mschk03  |y 200602030017  |z VLOAD 
040 |a SAVUK  |b slo  |c SNK  |d STUSCHK1  |e AACR2 
041 1 |a eng 
044 |a xxu  |c US 
080 |a 658:659.2 
100 1 |a Lesikar, Raymond Vincent 
242 1 0 |a Základy komunikácie v podniku  |y eng 
245 1 0 |a Basic business communication  |c Raymond Vincent Lesikar 
250 |a 5. ed. 
260 |a Homewood  |b IRWIN  |c 1991 
300 |a XXI, 666 s.  |b Bibliogr., reg., tab. 
910 |a savuk 
910 |a SCHK95 
919 |a 0-256-08327-4 
999 |c 7263  |d 7263